Geografia na literę o - Statystyki

Ogólne statystyki
  • Ten quiz został rozwiązany 16 razy
  • Średni wynik to 7 z 9
Statystyki odpowiedzi
Nazwa Odpowiedź % Poprawnych
Stolica Norwegii Oslo
100%
Stolica Kanady Ottawa
100%
Najdłuższa rzeka w Polsce (na literę o) Odra
94%
Państwo Oman
94%
Stan Stanów Zjednoczonych Ohio
81%
Stan Stanów Zjednoczonych Oklahoma
81%
Najdłuższa rzeka na świecie (na literę o) Ob
44%
Stan Stanów Zjednoczonych Oregon
44%
Stolica Burkina Faso Ouagadougou
31%
Nie znaleziono quizów pasujących do podanych kryteriów
Rozkład punktacji
Procent ludzi z każdym wynikiem
Percentyl według liczby udzielonych odpowiedzi
Twoja historia wyników
Nie rozwiązałeś tego quizu